Central Library OPAC University of Rajshahi

The craft of community study : (Record no. 57298)

MARC details
000 -LEADER
fixed length control field 00941nam a2200265 a 4500
001 - CONTROL NUMBER
control field 57298
003 - CONTROL NUMBER IDENTIFIER
rucl marc code BD-RjUL
005 - DATE AND TIME OF LATEST TRANSACTION
control field 20211209080507.0
008 - FIXED-LENGTH DATA ELEMENTS--GENERAL INFORMATION
fixed length control field 161208s1979 flua b 001 0 eng
020 ## - INTERNATIONAL STANDARD BOOK NUMBER
International Standard Book Number 0813006473
-- 0813006317
035 ## - SYSTEM CONTROL NUMBER
System control number (BD-RjUL)57422
040 ## - CATALOGING SOURCE
Original cataloging agency DLC
Transcribing agency DLC
Modifying agency BD-RjUL
Language of cataloging eng
041 ## - LANGUAGE CODE
Language code of text/sound track or separate title eng
082 00 - DEWEY DECIMAL CLASSIFICATION NUMBER
Classification number 390
Edition number 23
Author mark and year KIC 1979
100 1# - MAIN ENTRY--PERSONAL NAME
Personal name Kimball, Solon T.
9 (RLIN) 170144
245 14 - TITLE STATEMENT
Title The craft of community study :
Remainder of title fieldwork dialogues /
Statement of responsibility, etc. Solon T. Kimball, William L. Partridge.
260 ## - PUBLICATION, DISTRIBUTION, ETC. (IMPRINT)
Place of publication, distribution, etc. Gainesville :
Name of publisher, distributor, etc. University Presses of Florida,
Date of publication, distribution, etc. 1979.
300 ## - PHYSICAL DESCRIPTION
Pagination x, 260 p. :
Illustrations ill. ;
Size 24 cm.
490 1# - SERIES STATEMENT
Series statement University of Florida monographs : Social sciences ;
Volume/sequential designation no. 65
504 ## - BIBLIOGRAPHY, ETC. NOTE
Bibliography, etc Includes Bibliographical References and Index
650 ## - SUBJECT ADDED ENTRY--TOPICAL TERM
Topical term or geographic name as entry element Ethnology
9 (RLIN) 170145
Geographic subdivision Colombia
700 1# - ADDED ENTRY--PERSONAL NAME
Personal name Partridge, William L.,
Relator term joint author.
830 #0 - SERIES ADDED ENTRY--UNIFORM TITLE
Uniform title University of Florida monographs.
Volume number/sequential designation no. 65.
942 ## - ADDED ENTRY ELEMENTS (KOHA)
Source of classification or shelving scheme Dewey Decimal Classification
Koha item type Books
Holdings
Lost status Source of classification or shelving scheme Damaged status Not for loan Collection code Permanent Location Current Location Shelving location Date acquired Source of acquisition Total Checkouts Full call number Date last seen Copy number Koha item type
  Dewey Decimal Classification   Not For Loan Non-fiction Central Library, University of Rajshahi Central Library, University of Rajshahi Reading Room 15/06/1983 Asia foundation   305.80861 KIC 1979 08/12/2016 C-1 Books